Дело по представлению Калужского гражданского губернатора, касательно размещения преступников, присуждаемых к тюремному заключен...

Доступно только в Электронных читальных залах Найти на картеНа карте
RUSMARC
00003783nmc2a2200000 x 450
001b886da34-23a1-44d6-9fe7-c5a78f48f6ed
00520171117164413.0
100##$a20160829l18461847k l0rusy0189 ca
1010#$arus
102##$aRU
2001#$aДело по представлению Калужского гражданского губернатора, касательно размещения преступников, присуждаемых к тюремному заключению, вместо содержания их в рабочем доме и взамен телесного наказания
$j5 ноября 1846 г. - 11 декабря 1847 г.
251##$cДело
300##$aДело
801#0$aRU
$bРГИА
$c20160829
$gRCR
801#1$aRU
$bГлавНИВЦ
$c20160829
$2rusmarc
801#2$aRU
$bПБ им. Б.Н. Ельцина
$c20171117
$gRCR
$2rusmarc
850##$aРГИА
852##$aРГИА
$eФедеральное казенное учреждение "Российский государственный исторический архив" (РГИА)
$j1205
937##$hРГИА
$d12206535
$aASBIBLIO_SCAN
462#0$1001a27eaba9-7cb9-40a7-a26f-8911768d1c13
$12001
$a1846-1847 гг. Дела Департамента полиции исполнительной за 1846 г.
$1251
$cОпись
$1852
$j10
461#0$10013e300ed0-cd39-49af-8489-5ba5b90fa401
$12001
$aДепартамент полиции исполнительной МВД
$1251
$cФонд
$1852
$j1286
215##$a26 л.
$d36,5х26 см
371##$aДокумент не является опубликованным и широко распространяемым
105##$ay###
1222#$ad
035##$ab886da34-23a1-44d6-9fe7-c5a78f48f6ed
856##$uhttp://readingroom.main.prlib.ru/item.aspx?id_node=n109195025&mode=full
Формат отображения